| 000 | 00000nam##2200000za#4500 |
| 001 | 9.604067 |
| 003 | CaOODSP |
| 005 | 20210624211403 |
| 007 | cr ||||||||||| |
| 008 | 150406|2007||||xxc|||||o f|0| 0 fre|d |
| 022 | |a1488-545X |
| 040 | |aCaOODSP|bfre |
| 043 | |an-cn--- |
| 086 | 1 |aFs97-6/2756F-PDF |
| 110 | 1 |aCanada. |bMinistère des pêches et des océans. |
| 245 | 10|aGranulométrie du substrat de sites de fraie potentiels du saumon de l'Atlantique dans onze rivières du Nouveau-Brunswick et de l'Île-du-Prince-Edouard / |h[ressource électronique]|cpar Serge Jolicoeur, Daniel Caissie et Éric Arseneau. |
| 260 | |aMoncton - Nouveau-Brunswick : |bPêches et Océans Canada |cc2007. |
| 300 | |a90p.|bfigures, graphiques, carte, références, tableaux, photographies |
| 490 | 1 |aRapport technique canadien des sciences halieutiques et aquatiques|x1488-545X|vN° 2756 |
| 500 | |aLe n° de catalogue (Fs97-6/2756F) et l'ISSN (0706-6570) de l'édition imprimée ont été incorrectement copiés dans l'édition électronique. |
| 546 | |a(Abstract in English) |
| 590 | |a12-24-Supp|b2012-05-30 |
| 720 | 1 |aJolicoeur, S. |
| 720 | 1 |aArseneau, É. |
| 720 | 1 |aCaissie, Daniel |
| 776 | 0#|tGranulométrie du substrat de sites de fraie potentiels du saumon de l'Atlantique dans onze rivières du Nouveau-Brunswick et de l'Île-du-Prince Édouard / |w(CaOODSP)9.627670 |
| 830 | #0|aRapport technique canadien des sciences halieutiques et aquatiques,|x1488-545X|vN° 2756|w(CaOODSP)9.500867 |
| 856 | 40|ahttp://publications.gc.ca|qPDF|s1.09 Mo|uhttps://publications.gc.ca/collections/collection_2012/mpo-dfo/Fs97-6-2756-fra.pdf|yN° 2756 |